header

The mobile connection (Record no. 35239)

MARC details
000 -LEADER
fixed length control field 01371nam a2200325Ia 4500
100 1# - MAIN ENTRY--AUTHOR NAME
Personal name Ling, Richard Seyler.
245 14 - TITLE STATEMENT
Title The mobile connection
260 ## - PUBLICATION, DISTRIBUTION, ETC. (IMPRINT)
Place of publication Amsterdam :
Name of publisher Elsevier/Morgan Kaufmann,
Year of publication c2004.
300 ## - PHYSICAL DESCRIPTION
Number of Pages xvii, 244 p. :
Other physical details ill.
490 1# - SERIES STATEMENT
Series statement The Morgan Kaufmann series in interactive technologies
650 #0 - SUBJECT ADDED ENTRY--TOPICAL TERM
Topical Term Cell phone systems
Topical Term Mobile communication systems
856 40 - ELECTRONIC LOCATION AND ACCESS
Uniform Resource Identifier http://site.ebrary.com/lib/rucke/Doc?id=10254779

No items available.

© 2026 Rongo University
Contact us: librarian | system librarian | Rongo university